One Marseille Player by Nation - Statistics

General Stats
  • This quiz has been taken 894 times
    148 since last reset
  • The average score is 13 of 21
Answer Stats
Nation Player % Correct
France Steve Mandanda | Dimitri Payet | Florian Thauvin | +211 others
97%
England Chris Waddle | Chris Makin | Trevor Steven | +6 others
89%
Argentina Leonardo Balerdi | Lucas Ocampos | Lucho González | +14 others
89%
Brazil Luis Henrique | Mozer | Brandão | +20 others
89%
Senegal Mamadou Niang | Habib Beye | Souleymane Diawara | +17 others
82%
Spain Pol Lirola | Álvaro González | César Azpilicueta | +9 others
80%
Ivory Coast Abdoulaye Méïté | Ibrahima Bakayoko | Brice Dja Djédjé | +8 others
76%
Morocco Amine Harit | Abdelaziz Barrada | Azzedine Ounahi | +4 others
72%
Algeria Brahim Hemdani | Djamel Belmadi | Karim Ziani | +6 others
66%
Japan Hiroki Sakai | Yuto Nagatomo | Kōji Nakata
66%
Italy Fabrizio Ravanelli | Alberto Malusci | Ivan Franceschini | +5 others
61%
Portugal Rolando | Delfim | Rui Barros | +4 others
58%
Croatia Duje Ćaleta-Car | Vedran Runje | Alen Bokšić
56%
Belgium Daniel Van Buyten | Michy Batshuayi | Aaron Leya Iseka | +3 others
53%
Cameroon Nicolas Nkoulou | Andre-Frank Zambo Anguissa | Modeste M'bami | +9 others
52%
Ghana André Ayew | Jordan Ayew | Abédi Pelé | +1 other
48%
Netherlands Boudewijn Zenden | Kevin Strootman | Karim Rekik | +1 other
44%
Germany Andreas Köpke | Rudi Völler | Karlheinz Förster
43%
Burkina Faso Charles Kaboré | Habib Bamogo | Issa Kaboré
34%
Tunisia Saîf-Eddine Khaoui | Saber Khalifa | Mehdi Ben Slimane | +2 others
31%
Nigeria Taye Taiwo | Wilson Oruma | Joseph Yobo | +1 other
28%
No matching quizzes found
Score Distribution
Percent of People with Each Score
Percentile by Number Answered
Your Score History
You have not taken this quiz since the last reset